Malaysia : Buku rasmi tahunan 2006

Bibliographic Details
Corporate Author: Malaysia. Jabatan Penerangan
Other Authors: Abdullah bin Morad, Manisah binti Salamon, Norkhanizan binti Manaf
Format: Book
Published: Kuala Lumpur : Jabatan Penerangan , 2006

MARC

LEADER 00000cam a2200000 7i4500
001 0000018827
005 20080902.0
020 |a 9835404674 
040 |a INS 
090 0 0 |a DS591   |b M35 2006 
110 1 |a Malaysia. Jabatan Penerangan 
245 0 0 |a Malaysia :   |b Buku rasmi tahunan 2006   |c penasihat, Dato' Hj. Abdullah bin Morad, penyelaras Manisah binti Salamon, editor Norkhanizan binti Manaf 
260 |a Kuala Lumpur :   |b Jabatan Penerangan ,   |c 2006 
300 |a 498 ms. :   |b ill.wrn ;   |c 24 cm. 
700 0 |a Abdullah bin Morad 
700 0 |a Manisah binti Salamon 
700 0 |a Norkhanizan binti Manaf 
999 |a 0000018459   |b BOOK   |c Open Shelf   |e Default branch 
999 |a 0000018460   |b BOOK   |c Open Shelf   |e Default branch 
999 |a 0000018461   |b BOOK   |c Open Shelf   |e Default branch 
999 |a 0000018462   |b BOOK   |c Open Shelf   |e Default branch 
999 |a 1000000002   |b BOOK   |c Open Shelf   |e Default branch